000 00663nam a22002297a 4500
999 _c15280
_d15280
003 AR-CdUCM
008 190307b ||||| |||| 00| 0 spa d
040 _aMUNICIPALIDAD PROVINCIAL DEL CUSCO
_cBIBLIOTECA MUNICIPAL DEL CUSCO
082 _aC / 869.512 /
_bE88
100 _aEspinoza Navarro, Faustino
_934326
245 _aOllanta /
260 _aCuzco :
_bAMDG,
_c1963.
300 _a53 páginas ;
_c29 cm.
505 _aContenido: Teatro Quechua.
650 _aTeatro Quechua
_912390
650 _aOllantay
_912391
650 _aInca
_9421
650 _aDrama
_9560
700 _aBarranca, José Sebastián
_912392
942 _2ddc
_cLIBROS
945 _awfj